00450nam a2200133Ia 450000500170000000800410001724500800005826000140013830000110015265000120016394200080017599900170018395201160020020260328104313.0260328s9999||||xx |||||||||||||| ||und|| 0aWhat Life was Like among druids and High Kings Celtic Ireland AD 400-1200 / bTime Life a144 p. aIRLANDA cREF c11052d11052 001040708REFaGPCbGPCcREFd2026-03-28i5297l0oR 700 D 4488p5297r2026-03-28 15:43:13t1w2026-03-28yBK